Quelle ville du Tarn ? - Statistiques

Statistiques générales
  • Ce quiz a été pris 12 fois
  • Le résultat moyen est 10 sur 20
Statistiques - réponses
Quelle commune du Tarn... Lettre Ville % Correct
...dispose de la plus grande cathédrale de brique au monde ? A Albi
100%
...abrite le musée Goya, peintre hispanique du XVIIIe siècle ? C Castres
100%
...a vécu un passé industriel important dans la verrerie et l'exploitation du charbon ? C Carmaux
83%
...possède un des plus vieux vignobles de France à son nom ? G Gaillac
75%
...est aussi un PBVdF* et possède le même nom (en partie) qu'un peintre du Tarn ? L Lautrec
75%
...compte environ 13 000 Vauréens et Vauréennes ? L Lavaur
75%
...accueille une passerelle métallique passant dans le massif de la Montagne Noire ? M Mazamet
75%
...est perchée sur une colline, et est l'un des plus emblématiques PBVdF* ? C Cordes-sur-Ciel
67%
...fait d'elle la capitale française du cuir ? G Graulhet
50%
...dispose d'une église classée à l'UNESCO au titre des chemins de Saint-Jacques-de-Compostelle ? R Rabastens
50%
...voit se rejoindre les deux plus grands cours d'eau du département ? St Saint-Sulpice-la-Pointe
50%
...voit un viaduc ferroviaire traverser le Viaur pour se rendre en Aveyron ? T Tanus
50%
...porte le même nom que la race de brebis éponyme de la commune ? L Lacaune
42%
...vie la naissance d'un politicien se nommant Benjamin Juéry ? St Saint-Juéry
33%
...est un PBVdF* fortifié avec des ramparts au sommet d'une colline dominant la forêt de Grésigne ? P Puycelsi
25%
...est un village situé sur une presqu'île du Tarn à l'Est de la préfecture ? A Ambialet
17%
...est située dans le Sidobre, une région montagneuse et granitique ? B Brassac
17%
...est une forteresse, dénommée nid d’aigle ou citadelle du vertige, dominant les gorges de l'Aveyron ? P Penne
17%
...porte un nom auquel on a ajouté un tréma car il pouvait porter à confusion... ? S Saïx
17%
...est une cité médiévale profitant d'une vue sur les vignobles alentour ? C Castelnau-de-Montmiral
8%
Aucun quiz correspondant
Distribution des résultats
% des personnes avec chaque résultat
Percentile par nombre de réponses
Votre historique - résultats
Vous n’avez pas pris ce quiz